Κατάλογος Βιβλιοθηκών Mediterranean College

Theory and Practice of Group Counselling / Seventh Edition (Record no. 6135)

MARC details
000 -LEADER
fixed length control field 01341cam a22002054a 4500
005 - ΗΜΕΡΟΜΗΝΙΑ ΚΑΙ ΩΡΑ ΤΕΛΕΥΤΑΙΑΣ ΕΝΗΜΕΡΩΣΗΣ
Πεδίο ελέγχου 20250605164234.0
008 - FIXED-LENGTH DATA ELEMENTS--GENERAL INFORMATION
Πεδίο ελέγχου σταθερού μήκους 250528s ||||||||||||||||||||||||d
035 ## - SYSTEM CONTROL NUMBER
System control number 21064
020 ## - ISBN
ISBN 9780495115212
040 ## - ΠΗΓΗ ΚΑΤΑΛΟΓΟΓΡΑΦΗΣΗΣ
Φορέας πρωτότυπης καταλογογράφησης MC Athens Campus Library
Γλώσσα καταλογογράφησης Ελληνικά, Μοντέρνα (1453-)
Modifying agency MC Athens Campus Library
Κανόνες περιγραφικής καταλογογράφησης AACR2
245 1# - ΤΙΤΛΟΣ ΚΑΙ ΔΗΛΩΣΗ ΥΠΕΥΘΥΝΟΤΗΤΑΣ
Τίτλος Theory and Practice of Group Counselling / Seventh Edition
250 ## - EDITION STATEMENT
Edition statement 7th
260 ## - PUBLICATION, DISTRIBUTION, ETC.
Name of publisher, distributor, etc. Thomson - Brooks/Cole,
Date of publication, distribution, etc. 2008
300 ## - PHYSICAL DESCRIPTION
Extent 518
520 ## - SUMMARY, ETC.
Summary, etc. Basic Elements of Group Process: An Overview, Introduction to Group Work, Group Leadership, Ethical and Professional Issues in Group Practice, Early Stages in the Development of a Group, Later Stages in the Development of a Group, References and Suggested Reading for Part I, Theoretical Approaches to Group Counselling, The Psychoanalytic Approach to Groups, Adlerian Group Counselling, Psychodrama in Groups, The Existential Approach to Groups, The Person-Centered Approach to Groups, Gestalt Therapy in Groups, Transactional Analysis in Groups, Cognitive Behavioral Approaches to Groups, Rational Emotive Behavior Therapy in Groups, Reality Therapy in Groups, Solution-Focused Brief Therapy in Groups, Integration and Application, Comparisons and Contrasts and Integration, The Evolution of a Group: An Integrative Perspective.
700 1# - ΠΡΟΣΘΕΤΗ ΑΝΑΓΡΑΦΗ--ΦΥΣΙΚΟ ΠΡΟΣΩΠΟ
Personal name Corey Gerald
9 (RLIN) 155
942 ## - ADDED ENTRY ELEMENTS (KOHA)
Koha item type Books
Holdings
Τύπος τεκμηρίου Βιβλιοθήκη Τρέχουσα τοποθεσία Barcode Αριθμός εισαγωγής Ημερομηνία απόκτησης Ταξιθετικό σύμβολο Αριθμός αντιτύπου Κατάσταση απόσυρσης Κατάσταση χαμένου Κατάσταση κατεστραμμένου Μη δανεισμός Σύνολο δανεισμών Ημερομηνία τελευταίας εμφάνισης Η τιμή ισχύει από
Books MC Athens Campus Library MC Athens Campus Library 9780000061348 3232 05/06/2025 158.35 COR 1           05/06/2025 05/06/2025

MC Athens Campus Library
Πατησίων 94 & Κοδριγκτώνος 13, 104 34
Πελλήνης 8 & Πατησίων 107, 112 51
Τ: +30 210 8899600

MC Thessaloniki Campus Library
Ίωνος Δραγούμη 21, 54625 | Ίωνος Δραγούμη 15, 54625
Τ: +30 2310 287779 – Τ: +30 2314 440300